Catálogo
 En Linea
Vista normal Vista MARC

Entrada Nombre personal

Número de registros utilizados en: 2

001 - NÚMERO DE CONTROL

  • campo de control: 78242

003 - IDENTIFICADOR DEL NÚMERO DE CONTROL

  • campo de control: BNPHU

005 - FECHA Y HORA DE LA ÚLTIMA TRANSACCIÓN

  • campo de control: 20240228131336.0

008 - DATOS DE LONGITUD FIJA

  • campo de control de longitud fija: 210323|| aca||aabn | a|a d

040 ## - FUENTE DE LA CATALOGACIÓN

  • Centro catalogador/agencia de origen: DO-SdBNP
  • Lengua de catalogación: spa
  • Centro/agencia transcriptor: BNPHU
  • Normas de descripción: rda

100 1# - ENCABEZAMIENTO-NOMBRE DE PERSONA

  • Nombre de persona: Conde, Leonardo,
  • Fechas asociadas al nombre: 1946-

370 ## - LUGAR ASOCIADO

  • Lugar de nacimiento: San Juan de la Maguana (República Dominicana)

374 ## - OCUPACIÓN

  • Ocupación: Economista

375 ## - GÉNERO/SEXO

  • Género/Sexo: Masculino

377 ## - LENGUA/LENGUAJE ASOCIADO

  • Código del idioma: spa

378 ## - FORMA COMPLETA/DESARROLLADA DEL NOMBRE

  • Forma completa/desarrollada del nombre: Luis Leonardo

400 1# - TRAZADO DE VÉASE--NOMBRE DE PERSONA

  • Nombre de persona: Conde, Luis Leonardo,
  • Fechas asociadas al nombre: 1946-

670 ## - FUENTE DE DATOS ENCONTRADOS

  • Cita de la fuente: Work cat.: (OSt): Comité Dominicano por la Solidaridad Internacional con Haiti, Inc 78241, Coloquios Duartianos / , 2018.

Con tecnología Koha